Sống để kể lại : Tự truyện Gabrriel Garcia Marquez Nobel văn học 1982

שמור ב:
מידע ביבליוגרפי
מחבר ראשי: Marquez, Gabrriel Garcia
פורמט: ספר
שפה:Undetermined
יצא לאור: Tp. Hồ Chí Minh Nhà xuất bản Tp. Hồ Chí Minh 2004
נושאים:
תגים: הוספת תג
אין תגיות, היה/י הראשונ/ה לתייג את הרשומה!
Thư viện lưu trữ: Trung tâm Học liệu Trường Đại học Cần Thơ
LEADER 00658nam a2200205Ia 4500
001 CTU_92332
008 210402s9999 xx 000 0 und d
020 |c 68000 
082 |a 860 
082 |b M357 
100 |a Marquez, Gabrriel Garcia 
245 0 |a Sống để kể lại : 
245 0 |b Tự truyện Gabrriel Garcia Marquez Nobel văn học 1982 
245 0 |c Gabrriel Garcia Marquez 
260 |a Tp. Hồ Chí Minh 
260 |b Nhà xuất bản Tp. Hồ Chí Minh 
260 |c 2004 
650 |a Spanish literature,Spanish fiction 
904 |i Mai Loan(Tuyen) 
980 |a Trung tâm Học liệu Trường Đại học Cần Thơ